[Event "37th Olympiad w"]
[Site "Turin ITA"]
[Date "2006.05.21"]
[Round "1"]
[White "Sultana,Z2"]
[Black "Goletiani,R"]
[Result "0-1"]
[WhiteElo "2014"]
[BlackElo "2371"]
[EventDate "2006.05.21"]

1. d4 d5 2. Nf3 Nf6 3. Bg5 Ne4 4. Bh4 c5 5. e3 Qb6 6. Qc1 Nc6 7. c3 Bf5 8.
Be2 Rc8 9. Nbd2 h6 10. O-O g5 11. Bg3 Bg7 12. dxc5 Nxc5 13. Rd1 O-O 14. h3
Rfd8 15. Nd4 Nxd4 16. exd4 Bxd4 17. Nf3 Bg7 18. Be5 Ne4 19. Rf1 d4 20. Bxg7
Kxg7 21. c4 d3 22. Bd1 d2 23. Qc2 Ng3 24. Qc3+ f6 25. Nxd2 Nxf1 26. Nxf1
Qd4 27. Qb4 Qc5 28. Qe1 e5 29. Ne3 Bg6 30. Bg4 Rc6 31. b3 e4 32. Be2 Qe5
33. Ng4 Qb2 34. b4 Qd2 35. Ne3 Qxe1+ 36. Rxe1 Rd2 37. a4 b6 38. Nd5 Rd6 39.
Bf1 f5 40. Ra1 Bf7 41. Ne3 Kf6 42. a5 h5 43. axb6 axb6 44. c5 bxc5 45. bxc5
Rc6 46. Rc1 f4 47. Bb5 Rc7 48. Nc4 Rxc5 49. Nxd2 Rxc1+ 50. Kh2 Ke5 0-1

[Event "37th Olympiad w"]
[Site "Turin ITA"]
[Date "2006.05.21"]
[Round "1"]
[White "Baginskaite,C"]
[Black "Khan,N"]
[Result "1-0"]
[WhiteElo "2299"]
[BlackElo "2087"]
[EventDate "2006.05.21"]

1. d4 Nf6 2. c4 e6 3. Nc3 Bb4 4. e3 c5 5. Bd3 cxd4 6. exd4 d5 7. Nf3 Nc6 8.
O-O O-O 9. Bg5 Be7 10. Rc1 h6 11. Bh4 dxc4 12. Bxc4 Nd5 13. Bxd5 exd5 14.
Bxe7 Nxe7 15. Qb3 a6 16. Ne5 Rb8 17. Ne2 Qd6 18. Nf4 Rd8 19. Rfd1 Nf5 20.
Qd3 Re8 21. Rxc8 Rbxc8 22. Qxf5 f6 23. Ng4 Qb4 24. h3 Rc6 25. Qxd5+ Kh8 26.
Qf7 Re1+ 27. Rxe1 Qxe1+ 28. Kh2 Qe4 29. Nh5 Qh7 30. d5 Rc2 31. d6 f5 32. d7
Rd2 33. Ngf6 gxf6 34. Qxf6+ Kg8 35. Qd8+ Kf7 36. Qe8+ 1-0

[Event "37th Olympiad w"]
[Site "Turin ITA"]
[Date "2006.05.22"]
[Round "2"]
[White "Sultana,Z2"]
[Black "Maroroa,S"]
[Result "1/2-1/2"]
[WhiteElo "2014"]
[BlackElo "1934"]
[EventDate "2006.05.21"]

1. d4 d5 2. Nf3 Nf6 3. Bg5 e6 4. e3 h6 5. Bh4 Bd6 6. Bd3 c6 7. c3 Nbd7 8.
Nbd2 e5 9. Bg3 Qc7 10. dxe5 Nxe5 11. Nxe5 Bxe5 12. Bxe5 Qxe5 13. Nf3 Qe7
14. h3 Ne4 15. Qc2 Bf5 16. Nd4 Bg6 17. O-O-O O-O-O 18. f3 Ng3 19. Rhe1 Bxd3
20. Qxd3 Rhe8 21. Qc2 Qg5 22. Qf2 Re7 23. f4 Qg6 24. Qf3 f5 25. Nc2 Ne4 26.
Nb4 Nc5 27. Nd3 Nd7 28. Nf2 Rde8 29. Re2 Qd6 30. Rde1 a5 31. g4 g6 32. Rd2
Re6 33. Nd1 Nf6 34. Rde2 Ne4 35. Nf2 Nc5 36. Kc2 Qc7 37. Rd1 Qb6 38. b3 Nd7
39. Rde1 Qc5 40. Kb2 b5 41. Nd3 Qb6 42. a3 Re4 43. Nf2 R4e6 44. Nd3 1/2-1/2

[Event "37th Olympiad w"]
[Site "Turin ITA"]
[Date "2006.05.22"]
[Round "2"]
[White "Parveen,T"]
[Black "Fairley,N"]
[Result "1-0"]
[WhiteElo "2005"]
[BlackElo "1743"]
[EventDate "2006.05.21"]

1. e4 e5 2. Nf3 Nc6 3. Bc4 Bc5 4. O-O Nf6 5. d3 h6 6. c3 O-O 7. d4 exd4 8.
cxd4 Bb6 9. e5 Ne8 10. Nc3 d6 11. h3 dxe5 12. dxe5 Qxd1 13. Rxd1 Na5 14.
Bb5 Be6 15. b3 c5 16. Ba3 Nc7 17. Be2 Rfd8 18. Ne4 c4 19. b4 Nc6 20. Nd6 a5
21. b5 Nb4 22. Bxb4 axb4 23. Nxc4 Rxd1+ 24. Rxd1 Rxa2 25. Rd8+ Kh7 26. Bd3+
g6 27. Nxb6 b3 28. Rd4 Ra1+ 29. Kh2 Rd1 30. Bxg6+ 1-0

[Event "37th Olympiad w"]
[Site "Turin ITA"]
[Date "2006.05.23"]
[Round "3"]
[White "Ryvova,A"]
[Black "Hamid,R"]
[Result "1/2-1/2"]
[WhiteElo "2057"]
[BlackElo "2169"]
[EventDate "2006.05.21"]

1. e4 c5 2. Nc3 Nc6 3. g3 g6 4. Bg2 Bg7 5. d3 e6 6. Be3 d6 7. f4 Nge7 8.
Nf3 Nd4 9. O-O O-O 10. Rb1 Rb8 11. Ne2 Nxf3+ 12. Bxf3 f5 13. c3 b5 14. a3
a5 15. Bf2 b4 16. axb4 axb4 17. d4 cxd4 18. Bxd4 Bh6 19. e5 bxc3 20. bxc3
Rxb1 21. Qxb1 Ba6 22. Rd1 d5 23. Qb2 Qc8 24. Qb4 Nc6 25. Qb3 Re8 26. Ra1
Bd3 27. Nc1 Bc4 28. Qa3 Bf8 29. Qb2 Qd7 30. Be2 Rb8 31. Qd2 Bxe2 32. Nxe2
Qb7 33. Kf2 Qb5 34. Rd1 Na5 35. Qa2 Nc4 36. Qa7 Rb7 37. Qa2 Nb2 38. Rd2 Nc4
39. Rd1 Nb2 40. Rd2 Na4 41. Ke3 Be7 42. Kf3 h6 43. h4 Bd8 44. Ke3 Ba5 45.
Rd1 Nb2 46. Rc1 Nc4+ 47. Kf2 Kf7 48. Ra1 Bd8 49. Qa6 Qb3 50. Qa2 Qb5 51.
Qa6 1/2-1/2

[Event "37th Olympiad w"]
[Site "Turin ITA"]
[Date "2006.05.23"]
[Round "3"]
[White "Gonchar,S"]
[Black "Parveen,T"]
[Result "0-1"]
[WhiteElo "1916"]
[BlackElo "2005"]
[EventDate "2006.05.21"]

1. d4 d5 2. c4 c6 3. Nc3 Nf6 4. Nf3 e6 5. Bg5 dxc4 6. a4 Bb4 7. Bxf6 Qxf6
8. e3 b5 9. Be2 Bb7 10. O-O a6 11. Qc2 Nd7 12. b3 cxb3 13. Qxb3 Bxc3 14.
Qxc3 O-O 15. axb5 axb5 16. Nd2 Qe7 17. Bf3 Nb6 18. Nb3 Na4 19. Qd2 Rfc8 20.
Rfc1 c5 21. Bxb7 Qxb7 22. dxc5 h6 23. h3 b4 24. Rc4 Nc3 25. Rxa8 Rxa8 26.
Rd4 Qb5 27. Rd8+ Rxd8 28. Qxd8+ Kh7 29. Qb6 Qd3 30. Qxb4 Qd1+ 31. Kh2 Ne2
32. h4 Qg1+ 0-1

[Event "37th Olympiad w"]
[Site "Turin ITA"]
[Date "2006.05.24"]
[Round "4"]
[White "Hamid,R"]
[Black "Pourkashiyan,A"]
[Result "1-0"]
[WhiteElo "2169"]
[BlackElo "2311"]
[EventDate "2006.05.21"]

1. e4 c5 2. Nf3 e6 3. d4 cxd4 4. Nxd4 a6 5. Bd3 Bc5 6. Nb3 Ba7 7. Qe2 Nc6
8. Nc3 d6 9. O-O Nge7 10. Kh1 b5 11. a4 b4 12. Nd1 O-O 13. f4 Nd4 14. Nxd4
Bxd4 15. f5 Bb7 16. Qg4 Kh8 17. Bg5 f6 18. Bd2 exf5 19. exf5 Nc6 20. Bxb4
Ba7 21. Bc3 Ne5 22. Qh3 Qc7 23. Nf2 Nc4 24. Ng4 Rae8 25. Rae1 d5 26. Nxf6
gxf6 27. Bxf6+ Rxf6 28. Rxe8+ Kg7 29. Qg4+ Kh6 30. Qh4+ Kg7 31. Qg5+ 1-0

[Event "37th Olympiad w"]
[Site "Turin ITA"]
[Date "2006.05.24"]
[Round "4"]
[White "Ghader Pour,S"]
[Black "Khan,N"]
[Result "1-0"]
[WhiteElo "2144"]
[BlackElo "2087"]
[EventDate "2006.05.21"]

1. e4 c5 2. c3 Nf6 3. e5 Nd5 4. d4 cxd4 5. Nf3 e6 6. cxd4 d6 7. Bc4 Nb6 8.
Bd3 Bd7 9. O-O Nc6 10. a3 Qc7 11. Qe2 Be7 12. Nc3 a6 13. Re1 dxe5 14. dxe5
Na5 15. Bf4 Nb3 16. Rad1 Bc6 17. Ng5 g6 18. Nge4 Nd4 19. Qg4 h5 20. Qh3 Nf5
21. Nd6+ Kf8 22. Bxf5 gxf5 23. Qe3 Rh7 24. Nxf5 exf5 25. e6 Qc8 26. exf7
Rxf7 27. Qxb6 Kg8 28. Nd5 Qf8 29. Bh6 Qxh6 30. Nxe7+ Kg7 31. Nxc6 Qxc6 32.
Qxc6 bxc6 33. Re6 Rb7 34. Rxc6 Rxb2 35. Rd7+ Kg8 36. h3 Ra2 37. Rg6+ Kf8
38. Rf6+ Kg8 39. Rd3 Kg7 40. Rxf5 h4 41. Rf4 Rb8 42. Rdf3 Rb1+ 43. Kh2 Rba1
44. Rg4+ Kh7 45. Rfg3 Rxf2 46. Rxh4+ 1-0

[Event "37th Olympiad w"]
[Site "Turin ITA"]
[Date "2006.05.24"]
[Round "4"]
[White "Parveen,T"]
[Black "Navabi,S"]
[Result "1/2-1/2"]
[WhiteElo "2005"]
[BlackElo "2082"]
[EventDate "2006.05.21"]

1. e4 e5 2. Nf3 Nf6 3. Nxe5 d6 4. Nf3 Nxe4 5. d4 d5 6. Bd3 Be7 7. O-O Nc6
8. c3 Bg4 9. Nbd2 f5 10. Re1 O-O 11. Qb3 Kh8 12. Qxb7 Rf6 13. Qb3 Rb8 14.
Qc2 Bd6 15. Bf1 Rg6 16. Qd3 Qf6 17. Rb1 a5 18. Be2 Bh3 19. Bf1 Bg4 20. Be2
Rb6 21. a3 Bh3 22. Bf1 Bg4 23. Be2 Bh3 24. Bf1 Bg4 1/2-1/2

[Event "37th Olympiad w"]
[Site "Turin ITA"]
[Date "2006.05.25"]
[Round "5"]
[White "Sukandar,I"]
[Black "Hamid,R"]
[Result "1-0"]
[WhiteElo "2213"]
[BlackElo "2169"]
[EventDate "2006.05.21"]

1. e4 c5 2. Nf3 Nc6 3. d4 cxd4 4. Nxd4 Qc7 5. Nc3 e6 6. Be2 a6 7. O-O Nf6
8. Be3 Be7 9. f4 d6 10. a4 O-O 11. Bf3 Bd7 12. Qe1 Nxd4 13. Bxd4 e5 14.
fxe5 dxe5 15. Qg3 Bc5 16. Bxc5 Qxc5+ 17. Kh1 b5 18. axb5 axb5 19. Rxa8 Rxa8
20. Nd5 Nxd5 21. exd5 Qc4 22. Re1 Re8 23. h3 f6 24. Bh5 Rc8 25. c3 Qxd5 26.
Rd1 Qb7 27. Qd3 Be8 28. Bg4 Rb8 29. Be6+ Kh8 30. Qd6 h6 31. Qf8+ Kh7 32.
Qg8+ Kg6 33. Rd3 f5 34. Rd6 Kg5 35. Bd7 Qe4 36. Qxg7+ Kh4 37. Bxe8 h5 38.
Kh2 1-0

[Event "37th Olympiad w"]
[Site "Turin ITA"]
[Date "2006.05.25"]
[Round "5"]
[White "Sultana,Z2"]
[Black "Lindiawati,E"]
[Result "1/2-1/2"]
[WhiteElo "2014"]
[BlackElo "2145"]
[EventDate "2006.05.21"]

1. d4 Nf6 2. Nf3 e6 3. Bg5 h6 4. Bh4 Be7 5. e3 b6 6. Nbd2 Bb7 7. Bd3 d6 8.
O-O Nbd7 9. e4 O-O 10. Re1 e5 11. c3 Re8 12. h3 c5 13. dxe5 Nxe5 14. Nxe5
dxe5 15. Bb5 Rf8 16. Bg3 a6 17. Bf1 Bd6 18. Qc2 Qe7 19. Rad1 Rfd8 20. f3
Nh5 21. Bf2 b5 22. Nb3 Rac8 23. Nc1 c4 24. Ne2 Bc5 25. Nc1 Nf4 26. Bxc5
Qxc5+ 27. Qf2 Qxf2+ 28. Kxf2 Kf8 29. g3 Ne6 30. Be2 Ke7 31. Rxd8 Rxd8 32.
Rd1 Rf8 33. h4 Nc5 34. Ke3 Na4 35. Rd2 Rd8 36. Rc2 g5 37. h5 Nc5 38. g4 f6
39. Rd2 Na4 40. Rc2 Nc5 41. b3 cxb3 42. axb3 Rc8 43. c4 Ne6 44. Rb2 Nd4 45.
Bd3 Kd6 46. Na2 Rc7 47. cxb5 axb5 48. b4 Bc8 49. Rd2 Be6 50. Rb2 Ra7 51.
Nc3 Ra3 52. Nb1 Ra1 53. Nc3 Ra3 54. Nb1 Rb3 55. Rxb3 Bxb3 56. Nc3 Kc6 57.
Ne2 Bd1 58. Nxd4+ exd4+ 59. Kf2 Bb3 60. Kg3 Bc4 61. Bc2 Be2 62. Kf2 Bc4 63.
Kg3 Kd6 64. f4 gxf4+ 65. Kxf4 Be2 66. Bb3 d3 67. Ke3 Ke5 68. Bf7 Bxg4 69.
Kxd3 Bf3 70. Be8 Bxe4+ 71. Ke3 f5 72. Bxb5 f4+ 73. Kf2 Kd4 74. Be2 Kc3 75.
b5 Kb4 76. b6 Kc5 77. Bf3 Bxf3 78. Kxf3 Kxb6 79. Kxf4 Kc6 80. Kf5 Kd5 81.
Kf6 Kd6 82. Kg6 Ke6 83. Kxh6 Kf6 84. Kh7 Kf7 85. h6 Kf8 1/2-1/2

[Event "37th Olympiad w"]
[Site "Turin ITA"]
[Date "2006.05.27"]
[Round "6"]	
[White "Hamid,R"]
[Black "Ortiz,Na"]
[Result "0-1"]
[WhiteElo "2169"]
[BlackElo "2184"]
[EventDate "2006.05.21"]

1. e4 c5 2. Nf3 e6 3. d4 cxd4 4. Nxd4 a6 5. Bd3 Bc5 6. Nb3 Ba7 7. Nc3 d6 8.
Qe2 Ne7 9. O-O O-O 10. Kh1 e5 11. f4 exf4 12. Bxf4 Ng6 13. Be3 Bxe3 14.
Qxe3 Nc6 15. Nd5 Be6 16. Rae1 Re8 17. Qf2 Nce5 18. Be2 Rc8 19. Nd4 Bxd5 20.
exd5 Qa5 21. c4 Rf8 22. Nf5 Nxc4 23. Qd4 Nce5 24. Nxd6 Rc2 25. Nxb7 Qc7 26.
Bxa6 Ra8 27. Bd3 Nxd3 28. Qxd3 Rxb2 29. Na5 Qxa5 30. d6 Rd2 31. Qf3 Qd5 32.
d7 Rf8 33. Qxd5 Rxd5 34. Rd1 Rxd1 35. Rxd1 Rd8 36. Rd5 Nf8 37. Kg1 Rxd7 38.
Rxd7 Nxd7 39. Kf2 Kf8 40. Ke3 Ke7 41. Kd4 Kd6 42. Kc4 Kc6 43. Kb4 h5 44.
Kc4 Nf6 45. Kd4 Nd5 46. Ke5 Ne3 47. Kf4 Nxg2+ 48. Kg5 h4 49. Kg4 Kb5 50.
Kh3 Ne1 51. Kxh4 Nf3+ 52. Kg3 Nxh2 0-1

[Event "37th Olympiad w"]
[Site "Turin ITA"]
[Date "2006.05.27"]
[Round "6"]
[White "Franco,A"]
[Black "Sultana,Z2"]
[Result "1-0"]
[WhiteElo "2076"]
[BlackElo "2014"]
[EventDate "2006.05.21"]

1. e4 e6 2. d3 c5 3. Nd2 d5 4. Ngf3 Nc6 5. g3 Bd6 6. Qe2 Nge7 7. Bg2 Bc7 8.
O-O O-O 9. Re1 Rb8 10. h4 b6 11. h5 h6 12. Nf1 Ba6 13. e5 Nf5 14. c3 Re8
15. N1h2 Kh8 16. g4 Nh4 17. g5 Nxg2 18. Kxg2 hxg5 19. Bxg5 f6 20. exf6 gxf6
21. Bh4 Rg8+ 22. Kh1 Bxh2 23. Qxe6 Rf8 24. Nxh2 Bb7 25. Ng4 Qc8 26. Bxf6+
Kh7 27. Be7 Qxe6 28. Rxe6 Rf5 29. Rh6+ Kg7 30. Rg6+ Kh7 31. Nf6+ Rxf6 32.
Bxf6 d4 33. Kh2 dxc3 34. bxc3 Na5 35. Rag1 Rf8 36. Bh4 Rf7 37. h6 Rf4 38.
Rg7+ Kxh6 39. R1g6+ Kh5 40. Bg3 Rf5 41. Rg4 Kh6 42. Rg8 Kh7 43. R8g5 Rxg5
44. Rxg5 Ba6 45. d4 cxd4 46. cxd4 Bc4 47. a3 Nb3 48. Be5 a5 49. Rg7+ Kh6
50. f4 Nd2 51. Kg3 Ne4+ 52. Kh4 Nd6 53. Rc7 Nf5+ 54. Kg4 Be6 55. Kf3 Bd5+
56. Kf2 Kh5 57. Rd7 Bc4 58. d5 b5 59. d6 Kg4 60. Ra7 Nh6 61. Rh7 1-0

[Event "37th Olympiad w"]
[Site "Turin ITA"]
[Date "2006.05.27"]
[Round "6"]
[White "Khan,N"]
[Black "Palao,M"]
[Result "1/2-1/2"]
[WhiteElo "2087"]
[BlackElo "2152"]
[EventDate "2006.05.21"]

1. d4 d5 2. Nf3 c6 3. c4 e6 4. Nc3 f5 5. cxd5 exd5 6. Bf4 Nf6 7. e3 Be7 8.
Bd3 O-O 9. h3 Ne4 10. Qb3 Kh8 11. Ne5 Nd7 12. Bxe4 fxe4 13. O-O-O a5 14.
Nxd7 Qxd7 15. Na4 Qd8 16. Nc5 b6 17. Na4 Ra6 18. Kb1 Be6 19. Rc1 Bd7 20.
Qd1 Qe8 21. f3 Qg6 22. g3 exf3+ 23. Ka1 Bf5 24. Qxf3 Be4 25. Qe2 b5 26.
Rhd1 Qe6 27. g4 Bg6 28. Rf1 Raa8 29. Nc5 Bxc5 30. Rxc5 a4 31. Qd2 a3 32. b4
h6 33. Rfc1 Ra6 34. R1c3 Qe4 35. Qc1 Rf6 36. h4 h5 37. gxh5 Bxh5 38. Rxa3
Rxa3 39. Qxa3 Qh1+ 40. Qc1 Qxc1+ 41. Rxc1 Be2 42. Kb2 Bc4 43. a3 Kh7 44.
Rg1 Rg6 45. Bg5 Re6 46. Ra1 Kg6 47. a4 bxa4 48. Rxa4 Kf5 49. Ra7 Kg6 50.
Kc3 Bb5 51. Ra2 Kh7 52. Kd2 Re8 53. Ke1 Bc4 54. Rb2 Ra8 55. Kf2 Ra2 56.
Rxa2 Bxa2 57. Kg3 Kg6 58. Kf4 Bb1 59. Ke5 Bd3 60. Ke6 Bc4 61. Ke5 Bd3 62.
Be7 Kf7 63. Kd6 Bb5 64. h5 Ba4 65. Bg5 Bb5 66. Bf4 Kf6 67. h6 gxh6 68. Bxh6
Kf5 69. Kc5 Ke4 70. Bg5 Ba4 71. Bh6 Bb5 1/2-1/2

[Event "37th Olympiad w"]
[Site "Turin ITA"]
[Date "2006.05.28"]
[Round "7"]
[White "Bakalarz,G"]
[Black "Hamid,R"]
[Result "1/2-1/2"]
[WhiteElo "2068"]
[BlackElo "2169"]
[EventDate "2006.05.21"]

1. d4 Nf6 2. Nf3 d5 3. Bg5 Ne4 4. Bf4 c5 5. c3 Qb6 6. Qb3 Qxb3 7. axb3 Nc6
8. e3 e6 9. Nbd2 Nxd2 10. Nxd2 Be7 11. Be2 O-O 12. O-O Bd7 13. Bg3 f5 14.
f4 a6 15. Nf3 Rfd8 16. Rfc1 Rac8 17. Bf2 Bd6 18. Ne5 cxd4 19. exd4 Nxe5 20.
dxe5 Be7 21. Rd1 Bc6 22. b4 Rd7 23. Be3 g6 24. Ra5 Bd8 25. Ra2 Bb5 26. Bxb5
axb5 27. Rda1 Kf7 28. Ra7 Rc4 29. Ra8 Re4 30. Kf2 g5 31. g3 d4 32. Bxd4
gxf4 33. Rd1 fxg3+ 34. hxg3 Bb6 35. Rh1 Bxd4+ 36. cxd4 Rdxd4 37. Rxh7+ Kg6
38. Rxb7 f4 39. Rg8+ Kf5 40. Rf7+ Kxe5 41. Rg5+ Kd6 42. Rxb5 fxg3+ 43. Kxg3
Rxb4 44. Rxb4 Rxb4 45. Rf2 e5 46. Rc2 Kd5 47. Kf2 e4 48. Rd2+ Ke5 49. Ke3
Rb3+ 50. Ke2 Kf4 51. Rc2 Rh3 52. Rc3 Rh2+ 53. Ke1 Rxb2 54. Ra3 Ke5 55. Rh3
Kd4 56. Ra3 Rc2 57. Rb3 Ra2 58. Rh3 e3 59. Rh8 1/2-1/2

[Event "37th Olympiad w"]
[Site "Turin ITA"]
[Date "2006.05.28"]
[Round "7"]
[White "Khan,N"]
[Black "Steil Antoni,F"]
[Result "1-0"]
[WhiteElo "2087"]
[BlackElo "1968"]
[EventDate "2006.05.21"]

1. d4 d5 2. Nf3 Nf6 3. c4 e6 4. Nc3 Be7 5. g3 O-O 6. Bg2 b6 7. cxd5 exd5 8.
O-O Bb7 9. Ne5 Re8 10. Bg5 Nbd7 11. Nxd7 Qxd7 12. Rc1 h6 13. Bxf6 Bxf6 14.
e3 Rac8 15. Qb3 c6 16. Qa4 b5 17. Qb3 a6 18. Ne2 Bg5 19. h4 Bd8 20. Nf4 Rc7
21. Bh3 Qe7 22. Rc2 g5 23. hxg5 hxg5 24. Nd3 Kg7 25. Rfc1 Rh8 26. Bg2 Qd6
27. Ne5 Qh6 28. Rc5 Rc8 29. Qd3 Be7 30. R5c2 a5 31. Qf5 Qh2+ 32. Kf1 Rcf8
33. Qd7 b4 34. Qxb7 1-0

[Event "37th Olympiad w"]
[Site "Turin ITA"]
[Date "2006.05.29"]
[Round "8"]
[White "Sultana,Z2"]
[Black "Zapata,K"]
[Result "1/2-1/2"]
[WhiteElo "2014"]
[BlackElo "2236"]
[EventDate "2006.05.21"]

1. d4 e6 2. Nf3 Nf6 3. Bg5 Be7 4. e3 b6 5. Nbd2 Bb7 6. Bd3 h6 7. Bxf6 Bxf6
8. O-O c5 9. c3 Nc6 10. Bb5 Qc7 11. Re1 g5 12. Ne4 Be7 13. Nfd2 h5 14. Nf1
f5 15. Ned2 g4 16. dxc5 bxc5 17. e4 f4 18. Nc4 d6 19. Qd2 e5 20. Qd5 O-O-O
21. Qe6+ Kb8 22. Ncd2 Rdf8 23. a3 Rf6 24. Qc4 h4 25. Qd3 Bd8 26. b4 h3 27.
g3 fxg3 28. fxg3 cxb4 29. axb4 Qf7 30. Ne3 Bb6 31. Rf1 Ne7 32. Rxf6 Qxf6
33. Rf1 Qg6 34. Kh1 d5 35. Nxd5 Nxd5 36. exd5 Qxd3 37. Bxd3 Bxd5+ 38. Be4
Be6 39. Bc6 Rc8 40. Be4 Rxc3 41. Re1 Bd4 42. b5 Kc7 43. Nb1 Rc5 44. Na3 Bf2
45. Rf1 Bb3 46. Rb1 Rc3 47. Rf1 Re3 48. Bc6 Rc3 49. Be4 Be6 50. Nb1 Re3 51.
Ba8 Bc4 52. Rc1 Kb6 53. Nc3 Rd3 54. Be4 Rd4 55. Nd1 Be1 56. Nb2 Bxb5 57.
Rxe1 Rxe4 58. Rxe4 Bc6 59. Nc4+ Kc5 60. Nd2 a5 61. Kg1 Bxe4 62. Nxe4+ Kd4
63. Nd2 a4 64. Kf2 Kd3 65. Nb1 e4 66. Na3 e3+ 67. Ke1 Kc3 68. Ke2 Kb3 69.
Nb5 Kc4 70. Na3+ Kb4 71. Nc2+ Kc3 72. Na3 Kb3 73. Nb5 Kb4 74. Nd4 Kc4 75.
Kxe3 a3 76. Nc2 a2 77. Kd2 Kb3 78. Kc1 Kc3 79. Na1 Kd3 80. Kd1 Ke3 81. Ke1
Kf3 82. Kf1 1/2-1/2

[Event "37th Olympiad w"]
[Site "Turin ITA"]
[Date "2006.05.29"]
[Round "8"]
[White "Morales Mendoza,L"]
[Black "Khan,N"]
[Result "1-0"]
[WhiteElo "2154"]
[BlackElo "2087"]
[EventDate "2006.05.21"]

1. Nf3 Nf6 2. d4 e6 3. e3 b6 4. Bd3 Bb7 5. O-O Be7 6. c4 Be4 7. Nc3 Bxd3 8.
Qxd3 d5 9. Ne5 O-O 10. b3 c5 11. Bb2 cxd4 12. Qxd4 dxc4 13. Qxc4 Qc8 14.
Qf4 Nbd7 15. Rac1 Nxe5 16. Qxe5 Qc5 17. Qg3 Bd6 18. Qf3 Qg5 19. Rfd1 Be5
20. h3 Rad8 21. Qb7 Bb8 22. Ne4 Nxe4 23. Qxe4 Qh5 24. Rd4 Qe2 25. Qc2 Qxc2
26. Rxc2 Rxd4 27. Bxd4 Rd8 28. Kf1 e5 29. Bb2 f6 30. e4 Kf7 31. Ke2 Ke7 32.
a4 Bd6 33. Rc4 a5 34. f3 Kd7 35. Bc1 Bc5 36. Bd2 Rc8 37. Rc1 Rc6 38. h4 Rd6
39. Bxa5 Ba3 40. Ra1 bxa5 41. Rxa3 Kc6 42. Ra2 Kc5 43. Rd2 Rb6 44. Rd5+ Kb4
45. Kd2 Ka3 46. Rb5 Rd6+ 47. Ke2 Rd7 48. h5 h6 49. Rxa5 Kxb3 50. Rd5 Ra7
51. a5 Kb4 52. Kf2 Rc7 53. Kg3 Ka4 54. Kg4 Kb4 55. Kf5 Rc2 56. g3 Rc7 57.
f4 exf4 58. gxf4 Kc4 59. Ke6 Ra7 60. Kd6 Rf7 61. a6 Ra7 62. Ra5 Kb4 63. Ra1
Kb5 64. e5 g5 65. hxg6 fxe5 66. f5 e4 67. f6 e3 68. f7 e2 69. Rb1+ 1-0

[Event "37th Olympiad w"]
[Site "Turin ITA"]
[Date "2006.05.29"]
[Round "8"]
[White "Parveen,T"]
[Black "Aliaga Fernandez,I"]
[Result "1-0"]
[WhiteElo "2005"]
[BlackElo "2019"]
[EventDate "2006.05.21"]

1. e4 c5 2. c3 d5 3. exd5 Qxd5 4. d4 Nf6 5. Nf3 Bg4 6. Be2 e6 7. O-O Nc6 8.
Be3 cxd4 9. cxd4 Be7 10. Nc3 Qd7 11. Ne5 Bxe2 12. Qxe2 Nxe5 13. dxe5 Nd5
14. Rac1 O-O 15. Rfd1 Nxc3 16. Rxc3 Qa4 17. Rc7 Rfd8 18. Rdc1 Re8 19. Rxb7
Qe4 20. Qf3 Qxf3 21. gxf3 a5 22. Rcc7 Bf8 23. Rxf7 a4 24. Rfc7 h5 25. b4
axb3 26. axb3 Kh7 27. b4 Kg6 28. f4 h4 29. Kg2 Kf5 30. Kf3 Ra1 31. Rf7+ Kg6
32. Bc5 Ra3+ 33. Kg4 1-0

[Event "37th Olympiad w"]
[Site "Turin ITA"]
[Date "2006.05.30"]
[Round "9"]
[White "Ptacnikova,L"]
[Black "Hamid,R"]
[Result "1/2-1/2"]
[WhiteElo "2183"]
[BlackElo "2169"]
[EventDate "2006.05.21"]

1. e4 c5 2. Nf3 e6 3. d3 Nc6 4. Nbd2 d6 5. g3 g6 6. Bg2 Bg7 7. O-O Nge7 8.
c3 O-O 9. Nb3 Rb8 10. d4 c4 11. Nbd2 b5 12. Qe2 e5 13. dxe5 dxe5 14. a4 a6
15. Rd1 Qc7 16. Nf1 Na5 17. axb5 Nb3 18. Rxa6 Bxa6 19. bxa6 Ra8 20. N3d2
Nxc1 21. Rxc1 Rxa6 22. Nxc4 Rfa8 23. Na3 Rb6 24. Rc2 Bh6 25. Ne3 Bxe3 26.
Qxe3 Rab8 27. Qe2 Ra8 28. Bf1 Kg7 29. Qe3 Nc6 30. Qc5 Ra5 31. Qe3 Ra8 32.
Qc5 Ra5 33. Qe3 Ra8 34. Qc5 1/2-1/2

[Event "37th Olympiad w"]
[Site "Turin ITA"]
[Date "2006.05.30"]
[Round "9"]
[White "Sultana,Z2"]
[Black "Thorsteinsdottir,G"]
[Result "1/2-1/2"]
[WhiteElo "2014"]
[BlackElo "2138"]
[EventDate "2006.05.21"]

1. d4 d5 2. Nf3 Nf6 3. e3 e6 4. Bd3 c5 5. c3 Nc6 6. Nbd2 Bd6 7. O-O O-O 8.
Re1 Qc7 9. h3 b6 10. e4 cxd4 11. cxd4 Nb4 12. Bb1 dxe4 13. Nxe4 Be7 14.
Nxf6+ Bxf6 15. a3 Nd5 16. Qd3 g6 17. Bh6 Rd8 18. Ba2 Bb7 19. Rad1 Rac8 20.
Rc1 Qd6 21. Rxc8 Rxc8 22. Ne5 Bg7 23. Bxg7 Kxg7 24. Qd2 Qc7 25. Bb3 Qd8 26.
Ng4 Nf6 27. Ne5 Rc7 28. Rd1 Bd5 29. Bc2 Qc8 30. Bd3 Be4 31. Qe3 Bxd3 32.
Nxd3 Rc2 33. Rd2 Rxd2 34. Qxd2 Nd5 35. Ne5 f6 36. Nf3 a5 37. Ne1 Qc4 38.
Nf3 a4 39. Ne1 g5 40. g3 h6 41. Ng2 Kg6 42. h4 b5 43. Qd1 f5 44. hxg5 hxg5
45. Qd2 b4 46. axb4 Qxb4 47. Qxb4 Nxb4 48. Ne3 f4 49. gxf4 gxf4 50. Nd1 Nc2
51. Nc3 Nxd4 52. Nxa4 Nb3 53. Kg2 Kf5 54. Kf3 e5 55. Nc3 Ke6 56. Ke2 Kd6
57. Kd3 Nc5+ 58. Kc4 Ne6 59. b4 Ng5 60. b5 e4 61. Kd4 e3 62. fxe3 fxe3 63.
Kxe3 Kc5 64. Kf4 Ne6+ 65. Ke5 Nc7 1/2-1/2

[Event "37th Olympiad w"]
[Site "Turin ITA"]
[Date "2006.05.30"]
[Round "9"]
[White "Gretarsdottir,L"]
[Black "Parveen,T"]
[Result "1/2-1/2"]
[WhiteElo "2013"]
[BlackElo "2005"]
[EventDate "2006.05.21"]

1. e4 e5 2. Nf3 Nc6 3. Bb5 a6 4. Bxc6 dxc6 5. O-O Bd6 6. d4 exd4 7. Qxd4 f6
8. c4 c5 9. Qe3 Ne7 10. Nc3 O-O 11. b3 Ng6 12. Ba3 b6 13. Rad1 Qe8 14. Rfe1
Bg4 15. h3 Bxf3 16. Qxf3 Qe5 17. Nd5 Rab8 18. g3 Qg5 19. Bc1 Ne5 20. Qe2
Qg6 21. Bb2 Rfe8 22. Kg2 Kh8 23. h4 Nc6 24. h5 Qf7 25. f4 h6 26. Qf3 Ne7
27. Ne3 Nc6 28. Nf5 Bf8 29. g4 Re6 30. Rh1 Rbe8 31. Ng3 Qe7 32. Nf5 Qf7 33.
Ng3 Qe7 34. Rd5 Nb4 35. Rd2 Nxa2 36. Bxf6 1/2-1/2

[Event "37th Olympiad w"]
[Site "Turin ITA"]
[Date "2006.05.31"]
[Round "10"]
[White "Hamid,R"]
[Black "Coimbra,M"]
[Result "0-1"]
[WhiteElo "2169"]
[BlackElo "2070"]
[EventDate "2006.05.21"]

1. e4 e5 2. Nf3 Nc6 3. Bb5 a6 4. Ba4 Nf6 5. O-O b5 6. Bb3 Bc5 7. c3 d6 8.
a4 Bb7 9. d4 Bb6 10. Na3 O-O 11. Bg5 exd4 12. cxd4 h6 13. Bxf6 Qxf6 14. Bd5
bxa4 15. Nc4 Na5 16. Bxb7 Nxb7 17. Rxa4 Rfe8 18. Qd3 d5 19. exd5 a5 20.
Nfe5 Rad8 21. Ne3 Rd6 22. Qb5 Rdd8 23. Nc6 Rc8 24. Qd3 Qg5 25. f4 Qf6 26.
Rf3 Nd6 27. Ne5 Rcd8 28. Ra1 Ra8 29. b3 Ra7 30. g4 Raa8 31. Kg2 Qe7 32. h4
f6 33. Nc6 Qe4 34. Qxe4 Rxe4 35. Nc4 Bxd4 36. Ra4 Nb5 37. N4xa5 Re2+ 38.
Kf1 Rd2 39. Rb4 Re8 40. Nxd4 Nxd4 41. Rf2 Rd1+ 42. Kg2 Ree1 43. Rb8+ Kh7
44. h5 Rg1+ 45. Kh3 Rd3+ 46. Kh2 Rxg4 47. Re8 Rdg3 48. f5 Nf3+ 49. Rxf3
Rxf3 50. Nc6 Rxf5 51. Kh3 Rg1 52. Kh4 Rh1+ 53. Kg4 Rhxh5 54. Nd4 Rhg5+ 55.
Kh3 Rf1 56. Kh2 Rf4 0-1

[Event "37th Olympiad w"]
[Site "Turin ITA"]
[Date "2006.05.31"]
[Round "10"]
[White "Pintor,A"]
[Black "Khan,N"]
[Result "0-1"]
[WhiteElo "2064"]
[BlackElo "2087"]
[EventDate "2006.05.21"]

1. e4 c5 2. d3 Nc6 3. g3 Nf6 4. Bg2 d5 5. Nd2 e6 6. Ngf3 Be7 7. O-O O-O 8.
Re1 dxe4 9. dxe4 e5 10. c3 Bg4 11. Qe2 h6 12. Nf1 Qc7 13. Ne3 Be6 14. Nh4
Rfd8 15. Nhf5 Bf8 16. g4 Ne7 17. Nxe7+ Bxe7 18. Nf5 Nh7 19. Be3 a6 20. a4
Bf6 21. a5 Rd7 22. Qf3 Bg5 23. h4 Bxe3 24. Nxe3 Rad8 25. Nd5 Bxd5 26. exd5
c4 27. Qf5 Re7 28. g5 g6 29. Qg4 h5 30. Qe4 Nf8 31. Ra4 Rc8 32. Rd1 Qc5 33.
Bh3 Rd8 34. Qxc4 Qd6 35. Qe4 Nd7 36. b4 f5 37. Qe2 e4 38. c4 Ne5 39. c5 Qd7
40. Ra3 Nf3+ 41. Kh1 Nxh4 42. Qc4 Nf3 43. d6+ Rf7 44. Bg2 Ne5 45. Qd5 Nc6
46. Rb3 Re8 47. Bf1 Re5 48. Qd2 f4 49. Bc4 e3 50. Bxf7+ Kxf7 51. fxe3 Qh3+
52. Qh2 Qf3+ 53. Qg2 Qxd1+ 54. Kh2 Qxb3 55. Qf2 Qxe3 0-1

[Event "37th Olympiad w"]
[Site "Turin ITA"]
[Date "2006.05.31"]
[Round "10"]
[White "Parveen,T"]
[Black "Baptista,A"]
[Result "1/2-1/2"]
[WhiteElo "2005"]
[BlackElo "2030"]
[EventDate "2006.05.21"]

1. e4 e5 2. Nf3 Nc6 3. Bc4 Bc5 4. O-O Nf6 5. d3 d6 6. c3 O-O 7. h3 h6 8.
Re1 Re8 9. Nbd2 Bd7 10. a4 a5 11. Nf1 Bb6 12. Ng3 Ne7 13. Qb3 Rf8 14. Be3
Bxe3 15. Rxe3 Rb8 16. d4 Ng6 17. dxe5 Nxe5 18. Nxe5 dxe5 19. Rf3 Qe8 20.
Qc2 Kh7 21. Qd2 Qe7 22. Qe3 g6 23. Bb3 Be6 24. Bxe6 Qxe6 25. Qc5 b6 26.
Qxc7 Rfc8 27. Qa7 Ra8 28. Qb7 Rcb8 29. Qc7 Rc8 30. Qb7 1/2-1/2